Manual de familia : (Registro nro. 20052)

Detalles MARC
000 -LEADER
fixed length control field 01279nam a2200313 4500
001 - CONTROL NUMBER
control field 0000017476
003 - CONTROL NUMBER IDENTIFIER
control field CO-CtgCURN
005 - DATE AND TIME OF LATEST TRANSACTION
control field 20250513232558.0
007 - PHYSICAL DESCRIPTION FIXED FIELD--GENERAL INFORMATION
fixed length control field ta
008 - FIXED-LENGTH DATA ELEMENTS--GENERAL INFORMATION
fixed length control field 160627s1999 000 0 eng d
020 ## - INTERNATIONAL STANDARD BOOK NUMBER
International Standard Book Number 9586760847
040 ## - CATALOGING SOURCE
Original cataloging agency CO-CtgCURN
Language of cataloging spa
Transcribing agency coctgcurn
082 0# - DEWEY DECIMAL CLASSIFICATION NUMBER
Classification number 346.015
Item number Q84m5
100 1# - MAIN ENTRY--PERSONAL NAME
Personal name Quiroz Monsalvo, Aroldo.
245 10 - TITLE STATEMENT
Title Manual de familia :
Remainder of title matrimonio (civil y religioso) y union marital de hecho /
Statement of responsibility, etc. Aroldo Quiroz Monsalvo.
260 ## - PUBLICATION, DISTRIBUTION, ETC.
Place of publication, distribution, etc. Bogotá :
Name of publisher, distributor, etc. Doctrina y Ley,
Date of publication, distribution, etc. 1999.
300 ## - PHYSICAL DESCRIPTION
Extent 452 p V. 5.
336 ## - CONTENT TYPE
Source rdacontent
337 ## - MEDIA TYPE
Source rdamedia
Media type term sin mediacion
Media type code n
338 ## - CARRIER TYPE
Source rdacarrier
Carrier type term volumen
Carrier type code nc
500 ## - GENERAL NOTE
General note Incluye indice.
504 ## - BIBLIOGRAPHY, ETC. NOTE
Bibliography, etc. note Bibliografia (p. 445-449)
505 8# - FORMATTED CONTENTS NOTE
Formatted contents note Derecho de familia preconstitucional.--Derecho de familia constitucional.--Derecho de familia posconstitucional.--La familia en la constitucion de 1991.--Definicion de familia.--La familia.--El parentesco.--Filiacion.--Derecho matrimonial.--Los esposos
650 14 - SUBJECT ADDED ENTRY--TOPICAL TERM
Topical term or geographic name entry element Derecho de familia
Form subdivision Legislacion
Geographic subdivision America Latina.
908 ## - PUT COMMAND PARAMETER (RLIN)
Put command parameter 160627
942 ## - ADDED ENTRY ELEMENTS (KOHA)
Koha item type Libros
Classification part 346.015
Item part Q84m5
Source of classification or shelving scheme Dewey Decimal Classification
Suppress in OPAC No
Existencias
Withdrawn status Lost status Source of classification or shelving scheme Damaged status Not for loan Collection Home library Current library Shelving location Date acquired Inventory number Total checkouts Full call number Barcode Date last seen Copy number Price effective from Koha item type Public note
    Dewey Decimal Classification     General Miguel Henríquez Castañeda Miguel Henríquez Castañeda General 03/31/2025 005031   346.015 Q84m5 005031 03/31/2025 ej.1 03/31/2025 Libros 340-DEREC
    Dewey Decimal Classification     General Miguel Henríquez Castañeda Miguel Henríquez Castañeda General 03/31/2025 005032   346.015 Q84m5 005032 03/31/2025 ej.2 03/31/2025 Libros 340-DEREC